| 000 | 00587nam a2200169Ia 4500 | ||
|---|---|---|---|
| 003 | LDD | ||
| 008 | 190117s9999 xx 000 0 und d | ||
| 020 | _c₹125 | ||
| 040 | _cLDD | ||
| 041 | _ahi | ||
| 082 | _a8h4.7 इ734उ | ||
| 100 | _aइस्सर, देवेन्द्र | ||
| 245 | 0 |
_aउत्तर आधुनिक साहित्य और संस्कृति की नयी सोच _cदेवेन्द्र इस्सर |
|
| 260 |
_aनई दिल्ली _bइन्द्रप्रस्थ _c1996 |
||
| 300 | _a152 | ||
| 942 |
_2ddc _cH |
||
| 999 |
_c155022 _d155022 |
||